000 00730nam a2200193 a 4500
008 120416s2005 ||||||||||||||||| || u
020 _a0821358820
050 _aIBRD(02)2005/22
100 _aChong, Alterto
245 1 0 _aPrivatization in Latin America: myths and reality
_cedited by Alberto Chong and Florencio Lopez-de-Silanes
260 _aWashington, D. C.:
_bWorld Bank
_c2005
300 _a506p. : ill.
350 _a0.00
650 0 _aPRIVATIZATION
650 _aPRIVATIZATION--LATIN AMERICA
700 _aLopez-de-Silanes, Florencio
710 _aWorld Bank
995 _D0.00
_FCBU-MAIN LIBRARY (Kitwe)
_H1
_I0.00
_M1
_UAVAILABLE
_ZInternational Publications
999 _c54714
_d54714